| 000 | 00626nam a2200277Ia 4500 | ||
|---|---|---|---|
| 001 | Z_3235 | ||
| 003 | CHAP | ||
| 008 | 220113s1999 xx 000 0 und d | ||
| 010 | _a166343 | ||
| 040 | _cCHAP | ||
| 082 | _a860 S6 | ||
| 100 |
_aSolares, Ignacio _9140427 |
||
| 245 |
_aMadero, el otro / _cpor Ignacio Solares |
||
| 260 |
_aMéxico, D. F. : _bPlaneta, _c1999 |
||
| 300 | _a254 p. | ||
| 440 |
_aNarrativa actual mexicana _9139932 |
||
| 500 | _a | ||
| 503 | _a | ||
| 650 | _aLiteratura mexicana I. t. | ||
| 901 | _a860 S6 | ||
| 902 | _aA | ||
| 910 | _a1999 | ||
| 942 | _c1 | ||
| 942 | _cc1 | ||
| 999 |
_c166343 _d166343 |
||